Datuk Ann Majeed : a towering figure in sosial welfare work in Malaysia /
Saved in:
| Main Author: | |
|---|---|
| Format: | Book |
| Language: | English |
| Published: |
Kuala Lumpur, Malaysia :
Tun Suffian Foundation Incorporated,
2016.
|
| Subjects: | |
| Tags: |
Add Tag
No Tags, Be the first to tag this record!
|
| LEADER | 01268cam a22003495i 4500 | ||
|---|---|---|---|
| 001 | 13005902 | ||
| 005 | 20180124132350.0 | ||
| 008 | 170205s2016 my a 001 0 eng | ||
| 010 | |a 2017343256 | ||
| 020 | |a 9789674353063 | ||
| 020 | |a 9674353062 | ||
| 035 | |a (OCoLC)ocn983796242 | ||
| 035 | |a (OCoLC)983796242 | ||
| 035 | |a (NNC)13005902 | ||
| 040 | |a DLC |b eng |e rda |c DLC |d OCLCO |d EYM |d OCLCO |d OCLCF | ||
| 042 | |a lcode | ||
| 043 | |a a-my--- | ||
| 050 | 4 | |a HV 400.6 |b .M37 2016 | |
| 100 | 0 | |a Mariam Syed Mansor al-Idrus, |c Sharifah, |d 1941- |e author. | |
| 245 | 1 | 0 | |a Datuk Ann Majeed : |b a towering figure in sosial welfare work in Malaysia / |c Sharifah Mariam Syed Mansor al-Idrus. |
| 264 | 1 | |a Kuala Lumpur, Malaysia : |b Tun Suffian Foundation Incorporated, |c 2016. | |
| 300 | |a xxi, 166 pages : |b illustrations (some color) ; |c 22 cm | ||
| 336 | |a text |b txt |2 rdacontent | ||
| 336 | |a still image |b sti |2 rdacontent | ||
| 337 | |a unmediated |b n |2 rdamedia | ||
| 338 | |a volume |b nc |2 rdacarrier | ||
| 546 | |a In English. | ||
| 650 | 0 | |a Public welfare |z Malaysia. | |
| 650 | 7 | |a Public welfare. |2 fast |0 (OCoLC)fst01083250 | |
| 651 | 7 | |a Malaysia. |2 fast |0 (OCoLC)fst01204590 | |
| 710 | 2 | |a Tun Suffian Foundation Incorporated, |e publisher. | |
| 852 | 0 | 0 | |b off,glx |h HV 400.6 |i .M37 2016g |


